000 00640nam a22001817a 4500
005 20250122112418.0
008 240125b ||||| |||| 00| 0 eng d
020 _a9781648027307
082 _aDC 306.44 C941 2022
100 _aCurtis, Andy.
_950827
245 _aThe new peace linguistics and the role of language in conflict /
_cAndy Curtis.
260 _aCharlotte, NC :
_bInformation Age Publishing, Inc.,
_c©2022.
300 _axvi, 281 pages :
_billustrations ;
_c24 cm.
500 _aIncludes references.
650 _aLanguage and peace.
_951755
650 _aLanguage and languages
_xPolitical aspects.
_951756
942 _2ddc
_cDC
999 _c18767
_d18767